000 00822cam a22002294a 4500
001 12794611
005 20241114202544.0
008 020530s2002 tnu b 000 0 eng
020 _a084991759X (hardcover)
050 0 0 _aBT140
_b.L83 2002
082 0 0 _a231/.6
_221
100 1 _aLucado, Max.
245 1 2 _aA love worth giving :
_bliving in the overflow of God's love /
_cMax Lucado.
260 _aNashville, Tenn. :
_bW Pub. Group,
_cc2002.
300 _axi, 214 p. ;
_c25 cm.
650 0 _aGod (Christianity)
_xLove.
650 0 _aLove
_xReligious aspects
_xChristianity.
650 0 _aChristian life.
856 4 2 _3Publisher description
_uhttp://www.loc.gov/catdir/enhancements/fy0612/2002008238-d.html
856 4 1 _3Sample text
_uhttp://www.loc.gov/catdir/enhancements/fy0612/2002008238-s.html
942 _2lcc
_cBK
_n0
999 _c1220
_d1220